| 000 | 00776cam a2200217 4500 | ||
|---|---|---|---|
| 001 | ##L130675 | ||
| 002 | ##4534 | ||
| 008 | 050823n1998 000 0 eng u | ||
| 020 | _a0419199209 | ||
| 035 | _a(Sirsi) u130675 | ||
| 041 | 1 |
_aeng _aita _afre _aspa _ager |
|
| 050 | 0 | 4 | _a690.03 $2 18 |
| 245 | 0 | 4 | _aThe multilingual dictionary of architecture and building terms |
| 260 | 3 |
_aLondon _bE and F N Spon _c1998 |
|
| 300 |
_axxi, 451p. _c25cm |
||
| 350 | _a74 | ||
| 520 | _aDictionary giving easy to access translations of over 2500 building terms, cross referenced across five languages. Sets out English headwords with the equivalent German, Spanish, French and Italian terms alongside. | ||
| 690 | _aBUILT ENVIRONMENT | ||
| 700 | 1 |
_aGrech, Chris. _eEditor |
|
| 942 | _n0 | ||
| 999 |
_c104517 _d104517 |
||